Thơ Nguyễn Quang Thiều từ góc nhìn liên văn bản
Hiện tượng Nguyễn Quang Thiều trong tiến trình thơ Việt Nam đương đại. Thơ Nguyễn Quang Thiều - Tính đối thoại trong tư duy nghệ thuật. Thơ Nguyễn Quang Thiều - Sự tương tác giữa các mã hình thức nghệ thuật
Shranjeno v:
| Glavni avtor: | |
|---|---|
| Drugi avtorji: | |
| Format: | Knjiga |
| Izdano: |
Đà Nẵng
Đại học Đà Nẵng
2016
|
| Teme: | |
| Oznake: |
Označite
Brez oznak, prvi označite!
|
| Thư viện lưu trữ: | Mạng thư viện Đại học Đà Nẵng |
|---|
| LEADER | 01715nam a2200349 4500 | ||
|---|---|---|---|
| 001 | 000024310 | ||
| 003 | 20796 | ||
| 005 | 20161222141240.0 | ||
| 008 | 161116s2016 sd | ||
| 082 | 1 | 4 | |a 895.922134 |b NG-T |
| 100 | 1 | |a Nguyễn Thị Thanh Triều | |
| 245 | 1 | 0 | |a Thơ Nguyễn Quang Thiều từ góc nhìn liên văn bản |c Nguyễn Thị Thanh Triều ; Bùi Bích Hạnh hướng dẫn |k Luận văn tốt nghiệp |
| 260 | |a Đà Nẵng |b Đại học Đà Nẵng |c 2016 | ||
| 300 | |a 107 tr. ; phụ lục 5 tr. |c 29 cm. |e Tóm tắt | ||
| 500 | |a Luận văn Khoa học xã hội và nhân văn. Chuyên ngành : Văn học Việt Nam. Mã số: 60 22 01 21 | ||
| 520 | 3 | |a Hiện tượng Nguyễn Quang Thiều trong tiến trình thơ Việt Nam đương đại. Thơ Nguyễn Quang Thiều - Tính đối thoại trong tư duy nghệ thuật. Thơ Nguyễn Quang Thiều - Sự tương tác giữa các mã hình thức nghệ thuật | |
| 600 | 1 | 4 | |a Nguyễn Quang Thiều |d 1957- |
| 650 | 0 | 4 | |a Thơ Việt Nam |v Luận văn tốt nghiệp |x Nghiên cứu |z Việt Nam |
| 653 | |a Thơ Việt Nam | ||
| 653 | |a Nguyễn Quang Thiều | ||
| 653 | |a Văn học Việt Nam | ||
| 700 | 1 | |a Bùi Bích Hạnh |c TS. | |
| OWN | |a LSP | ||
| AVA | |a UDN50 |b LSP |d 895.922134 NG-T |e available |t Error 5001 Not defined in file expand_doc_bib_avail. |f 1 |g 0 |h N |i 0 |k 1 | ||
| 999 | |a From the UDN01 | ||
| AVA | |a UDN50 |b LSP |d 895.922134 NG-T |e available |t Error 5001 Not defined in file expand_doc_bib_avail. |f 1 |g 0 |h N |i 0 |k 1 | ||
| TYP | |a Monograph | ||
| TYP | |a Printed language | ||
| 980 | |a Mạng thư viện Đại học Đà Nẵng | ||